[Event "ch-FRA Blitz Online Qual"]
[Site "Europe-Chess INT"]
[Date "2020.05.16"]
[Round "9"]
[White "Ghazaryan, Gurgen"]
[Black "Viennois, Romain"]
[Result "1-0"]
[WhiteElo "1403"]
[BlackElo "1981"]
[WhiteFideId "45137609"]
[BlackFideId "634204"]
[EventDate "2020.05.16"]

1. e4 e5 2. Nf3 Nc6 3. Bb5 a6 4. Ba4 Nf6 5. O-O Be7 6. Re1 b5 7. Bb3 d6 8. h3
O-O 9. c3 Bb7 10. d4 Re8 11. d5 Nb8 12. c4 c6 13. Nc3 Nfd7 14. Be3 Nf8 15. Qd2
Nbd7 16. Ng5 h6 17. Nf3 Ng6 18. Nh4 Nf6 19. Nf5 Bf8 20. a4 bxc4 21. Bxc4 c5 22.
f3 Ne7 23. Ng3 Kh7 24. Nge2 g6 25. f4 Nd7 26. f5 Bg7 27. Ng3 Nf6 28. Rf1 Neg8
29. Nge2 Bc8 30. g4 g5 31. Kg2 Nd7 32. Ng3 Ngf6 33. Nce2 Rb8 34. Rab1 Qa5 35.
Qxa5 1-0

[Event "ch-FRA Blitz Online Qual"]
[Site "Europe-Chess INT"]
[Date "2020.05.16"]
[Round "9"]
[White "Toussaint, Florent"]
[Black "Blanchard, Samuel"]
[Result "1/2-1/2"]
[WhiteElo "1391"]
[BlackElo "1921"]
[WhiteFideId "36088730"]
[BlackFideId "36023990"]
[EventDate "2020.05.16"]

1. d4 f5 2. Nf3 Nf6 3. Bf4 e6 4. e3 b6 5. Be2 Bb7 6. Nbd2 d6 7. c3 g6 8. O-O Bg7
9. Re1 O-O 10. Bd3 Qe7 11. h3 Nbd7 12. e4 e5 13. dxe5 dxe5 14. exf5 Nh5 15. Bh2
gxf5 16. Nxe5 Nxe5 17. Qxh5 Qd6 18. Bxe5 Bxe5 19. Qg5+ Bg7 20. Bc4+ Kh8 21. Re7
Bf6 22. Rxh7+ Kxh7 23. Qxf5+ Kg7 24. Qg4+ Kh8 25. Qh5+ Kg7 26. Qg4+ Kh8 27. Qh5+
Kg7 28. Qg4+ 1/2-1/2

[Event "ch-FRA Blitz Online Qual"]
[Site "Europe-Chess INT"]
[Date "2020.05.16"]
[Round "9"]
[White "Belattar, Salah-Eddine"]
[Black "Brasseur, Vincent"]
[Result "0-1"]
[WhiteElo "1886"]
[BlackElo "1603"]
[WhiteFideId "9001468"]
[BlackFideId "45129550"]
[EventDate "2020.05.16"]

1. d4 Nf6 2. Nf3 d5 3. g3 e6 4. Bg2 Be7 5. O-O O-O 6. c3 Nbd7 7. b3 Rb8 8. Bb2
c5 9. dxc5 Nxc5 10. Nbd2 b6 11. Rc1 Bb7 12. b4 Ncd7 13. a4 Re8 14. Qb3 Bd6 15.
c4 dxc4 16. Nxc4 Bd5 17. Nd4 Ne5 18. Bxd5 exd5 19. Nxe5 Bxe5 20. Nc6 Qd6 21.
Bxe5 Rxe5 22. Nxe5 Qxe5 23. e3 h5 24. Qc3 Qe6 25. Kg2 h4 26. Qd4 hxg3 27. hxg3
Re8 28. Rh1 Ne4 29. Rh2 f6 30. Rch1 Kf7 31. b5 Re7 32. f3 Ng5 33. Qf4 d4 34. e4
d3 35. Rh5 Qb3 36. Rxg5 Qc2+ 37. Kh3 d2 38. Qd6 d1=Q 39. Rxd1 fxg5 40. Qd5+ Kf8
41. Qd8+ Kf7 42. Qd5+ Kf8 43. Rd2 Qc1 44. Rd1 Qc8+ 45. g4 Qc2 46. Rd2 Qc3 47.
Qd8+ Kf7 48. Rd3 Qc1 49. Qd5+ Kf8 50. Qxg5 Qh1+ 51. Kg3 Qg1+ 52. Kf4 Qc1+ 53.
Kf5 Rf7+ 54. Kg6 Rf6+ 55. Kh5 Rh6+ 56. Qxh6 Qxh6# 0-1

[Event "ch-FRA Blitz Online Qual"]
[Site "Europe-Chess INT"]
[Date "2020.05.16"]
[Round "9"]
[White "Pierre, Timothee"]
[Black "Sayah-Hobon, Noah"]
[Result "1/2-1/2"]
[WhiteElo "1858"]
[BlackElo "1364"]
[WhiteFideId "643076"]
[BlackFideId "551015609"]
[EventDate "2020.05.16"]

1. f4 d5 2. Nf3 Bf5 3. b3 Nd7 4. Bb2 Ngf6 5. e3 e6 6. Be2 Be7 7. O-O O-O 8. d3
c5 9. Qe1 Rc8 10. Ne5 Nxe5 11. Bxe5 Ng4 12. Bxg4 Bxg4 13. Qg3 h5 14. h3 Bh4 15.
Qh2 Bf5 16. Nd2 Bf6 17. Nf3 Bxe5 18. Nxe5 d4 19. e4 Bh7 20. g4 f6 21. Nf3 Qe8
22. Kg2 Qg6 23. Nh4 Qh6 24. Rf3 g5 25. fxg5 fxg5 26. Rxf8+ Rxf8 27. Nf3 hxg4 28.
hxg4 Qxh2+ 29. Nxh2 Rf4 30. Kg3 Bg6 31. Nf3 Be8 32. Nxg5 e5 33. Rh1 Bg6 34. Ne6
Rf6 35. Nxc5 Rb6 36. Nd7 Rd6 37. Nxe5 Be8 38. Nc4 Rf6 39. g5 Rg6 40. Kg4 Bd7+
41. Kh5 Rg7 42. Ne5 Rh7+ 43. Kg6 Rxh1 44. Nxd7 Rf1 45. Nf6+ Kf8 46. Nd7+ Kg8 47.
Nf6+ Kf8 48. Nh7+ Kg8 49. Nf6+ 1/2-1/2

[Event "ch-FRA Blitz Online Qual"]
[Site "Europe-Chess INT"]
[Date "2020.05.16"]
[Round "9"]
[White "Capouilliet, Sylvain"]
[Black "Sepahpour, Shervine"]
[Result "1/2-1/2"]
[WhiteElo "1821"]
[BlackElo "1398"]
[WhiteFideId "660337"]
[BlackFideId "45150478"]
[EventDate "2020.05.16"]

1. d4 Nf6 2. Bg5 d6 3. Bxf6 gxf6 4. c4 e5 5. d5 Nd7 6. Nc3 a5 7. e4 Be7 8. g3
Nc5 9. Bg2 f5 10. Nge2 fxe4 11. Nxe4 Nxe4 12. Bxe4 f5 13. Bg2 Rg8 14. f4 h5 15.
fxe5 dxe5 16. Nc3 h4 17. Qh5+ Kf8 18. Qh6+ Ke8 19. Qh5+ Kf8 20. O-O-O Bg5+ 21.
Kb1 Qe8 22. Qxe8+ Kxe8 23. Nb5 Kd7 24. d6 c6 25. Nc7 Rb8 26. Bh3 Rf8 27. Rhf1
Kd8 28. c5 b6 29. Rde1 e4 30. Rxe4 bxc5 31. Bxf5 Bxf5 32. Rxf5 Rxf5 33. Re8+ Kd7
34. Rxb8 Kxd6 35. Ne8+ Ke7 36. Ng7 Rf1+ 37. Kc2 Rf2+ 38. Kb3 Rxh2 39. Nf5+ Kf6
40. gxh4 Bxh4 41. Nxh4 Rxh4 42. Rc8 Rh3+ 43. Ka4 Ke5 44. Rxc6 Kd5 45. Kb5 Rh2
46. Rxc5+ Kd6 47. Rc3 Rxb2+ 48. Kxa5 Rxa2+ 49. Kb4 Rh2 50. Rd3+ Kc7 51. Kc4 Kc6
52. Rc3 Rh4+ 53. Kb3+ Kb5 54. Kc2 Rh2+ 55. Kd3 Rh3+ 56. Kc2 Rh2+ 57. Kd3 Rh3+
58. Kc2 Rh4 59. Kd3 Rh3+ 1/2-1/2

[Event "ch-FRA Blitz Online Qual"]
[Site "Europe-Chess INT"]
[Date "2020.05.16"]
[Round "9"]
[White "Kvashyna, Tetyana"]
[Black "Oumer, Walid"]
[Result "0-1"]
[WhiteElo "1764"]
[BlackElo "1365"]
[WhiteFideId "641510"]
[BlackFideId "551016630"]
[EventDate "2020.05.16"]

1. d4 Nf6 2. Nf3 c5 3. d5 d6 4. c4 g6 5. Nc3 Bg7 6. e4 O-O 7. Be2 e6 8. O-O exd5
9. exd5 h6 10. Be3 Re8 11. Re1 Na6 12. a3 Bf5 13. Nh4 Bd7 14. Qd2 Ng4 15. Bxg4
Bxg4 16. Bxh6 Qxh4 17. Bf4 Rxe1+ 18. Rxe1 Bd7 19. Bxd6 Qxc4 20. Ne4 Re8 21. f3
f5 22. Rc1 Qd4+ 23. Qxd4 Bxd4+ 24. Nf2 Re2 25. Rf1 Rxb2 26. g4 fxg4 27. fxg4 Bb5
28. Re1 Bxf2+ 0-1

[Event "ch-FRA Blitz Online Qual"]
[Site "Europe-Chess INT"]
[Date "2020.05.16"]
[Round "9"]
[White "Sere, Nicolas"]
[Black "Meyssirel, Tom"]
[Result "1-0"]
[WhiteElo "1753"]
[BlackElo "1333"]
[WhiteFideId "36014320"]
[BlackFideId "45197245"]
[EventDate "2020.05.16"]

1. e4 e5 2. Nf3 Nc6 3. Bb5 a6 4. Ba4 Nf6 5. O-O b5 6. Bb3 Bc5 7. c3 d6 8. d4 Bb6
9. h3 O-O 10. Re1 h6 11. a4 Bb7 12. Qd3 Re8 13. Nbd2 Na5 14. Bc2 Qd7 15. Nf1
exd4 16. cxd4 Bxe4 17. Qd2 Bxc2 18. Qxc2 Rxe1 19. Nxe1 Bxd4 20. Be3 Bxe3 21.
Nxe3 Nb7 22. Nd3 Rc8 23. Nb4 c5 24. Nbd5 Nxd5 25. Nxd5 Rc6 26. Re1 Nd8 27. Re7
Qc8 28. Re8# 1-0

[Event "ch-FRA Blitz Online Qual"]
[Site "Europe-Chess INT"]
[Date "2020.05.16"]
[Round "9"]
[White "Vanlerberghe, Luc"]
[Black "Coutton, Aurelien"]
[Result "0-1"]
[WhiteElo "1727"]
[BlackElo "1211"]
[WhiteFideId "671908"]
[BlackFideId "45121443"]
[EventDate "2020.05.16"]

1. e4 c5 2. Nf3 d6 3. c3 Nf6 4. Be2 Bd7 5. Qc2 g6 6. O-O Bg7 7. d4 cxd4 8. cxd4
Nc6 9. a3 Rc8 10. Nc3 O-O 11. h3 Qb6 12. Be3 Qc7 13. Rac1 e5 14. Qd2 exd4 15.
Nxd4 Nxd4 16. Bxd4 Qa5 17. Bxf6 Bxf6 18. Qxd6 Be6 19. Qf4 Bg5 20. Qg3 Bxc1 21.
Rxc1 h6 22. f4 Qb6+ 23. Qf2 Qxb2 0-1

[Event "ch-FRA Blitz Online Qual"]
[Site "Europe-Chess INT"]
[Date "2020.05.16"]
[Round "9"]
[White "Dubois, Herve"]
[Black "Varin, Timeo"]
[Result "1-0"]
[WhiteElo "1836"]
[BlackElo "1287"]
[WhiteFideId "636460"]
[BlackFideId "45117527"]
[EventDate "2020.05.16"]

1. c4 e5 2. Nc3 Nc6 3. Nf3 f5 4. d4 e4 5. Bg5 Nf6 6. Nd2 h6 7. Bxf6 Qxf6 8. e3
Be7 9. Be2 d6 10. Nd5 Qg6 11. Nxc7+ Kd8 12. Nxa8 Qxg2 13. Rf1 Bd7 14. Qa4 Nxd4
15. Qxa7 Nc2+ 16. Kd1 Nxa1 17. Qb8+ Bc8 18. Qc7+ Ke8 19. Qxc8+ Bd8 20. Nc7+ Ke7
21. Qe6+ Kf8 22. Qxf5+ Kg8 23. Qd5+ Kh7 24. Ne6 Bf6 25. Qxe4+ Qxe4 26. Nxe4 Bxb2
27. Nxd6 Rb8 28. c5 Be5 29. Bc4 b6 30. Nf7 Bxh2 31. c6 Rc8 32. Bb5 Bb8 33. Kc1
Re8 34. c7 Rc8 35. Nd6 Rxc7+ 36. Nxc7 Bxc7 37. Nc4 Bd8 38. e4 Kg8 39. e5 Be7 40.
Kb2 Bc5 41. Kxa1 Kf7 42. f4 Ke6 43. a4 Kf5 44. Ka2 g5 45. Nd6+ Kg6 46. f5+ Kg7
47. f6+ Kf8 48. Nf5 h5 49. e6 g4 50. e7+ Kf7 51. e8=Q+ Kxf6 52. Ng3+ Kg5 53.
Qd8+ Kh6 54. Qf6+ Kh7 55. Nxh5 Bf8 56. Qf7+ Kh6 57. Rf6+ Kg5 58. Qg6+ Kh4 59.
Be2 Kh3 60. Qxg4+ Kh2 61. Rf2+ Kh1 62. Qg2# 1-0

[Event "ch-FRA Blitz Online Qual"]
[Site "Europe-Chess INT"]
[Date "2020.05.16"]
[Round "9"]
[White "Anselin, Djavan"]
[Black "Staune, Jean"]
[Result "1-0"]
[WhiteElo "1499"]
[BlackElo "1719"]
[WhiteFideId "36080713"]
[BlackFideId "26091631"]
[EventDate "2020.05.16"]

1. e4 c5 2. d4 cxd4 3. c3 dxc3 4. Nxc3 d6 5. Bc4 g6 6. Nf3 Bg7 7. e5 Qc7 8. Qb3
e6 9. exd6 Qxd6 10. Be3 Ne7 11. Rd1 Qc7 12. Nb5 Qa5+ 13. Bd2 Qb6 14. O-O O-O 15.
Bf4 Na6 16. Rd6 Qc5 17. Be3 Qf5 18. Rfd1 Nc5 19. Bxc5 Qxc5 20. Rd8 a6 21. Rxf8+
Bxf8 22. Nc3 b5 23. Be2 Bb7 24. h3 Nd5 25. Nxd5 Bxd5 26. Qc3 Qxc3 27. bxc3 Bg7
28. Ng5 Rc8 29. Bf3 Bxf3 30. gxf3 Rxc3 31. Rd8+ Bf8 32. Ne4 Rxf3 33. Kg2 Rf5 34.
Nd6 Kg7 35. Nxf5+ exf5 36. Ra8 b4 37. Rxa6 Bd6 38. Rxd6 h5 39. Rb6 b3 40. Rxb3
Kf6 41. a4 Ke5 42. a5 Kd6 43. a6 1-0

[Event "ch-FRA Blitz Online Qual"]
[Site "Europe-Chess INT"]
[Date "2020.05.16"]
[Round "9"]
[White "Thibous, Leo"]
[Black "Gauthier, Laurent2"]
[Result "0-1"]
[WhiteElo "1380"]
[BlackElo "1704"]
[WhiteFideId "45136084"]
[BlackFideId "676810"]
[EventDate "2020.05.16"]

1. Nf3 Nf6 2. g4 h6 3. h3 d5 4. Bg2 Nc6 5. O-O e5 6. d4 e4 7. Nfd2 Bd6 8. e3 O-O
9. c4 Nxg4 10. hxg4 Qh4 11. Re1 Bxg4 12. f3 Qh2+ 13. Kf1 Bh3 14. Qe2 Qh1+ 15.
Kf2 Qxg2# 0-1

[Event "ch-FRA Blitz Online Qual"]
[Site "Europe-Chess INT"]
[Date "2020.05.16"]
[Round "9"]
[White "Cornileau, Raphael"]
[Black "Rapaire, Jean-Michel"]
[Result "1-0"]
[WhiteElo "1397"]
[BlackElo "1742"]
[WhiteFideId "45105790"]
[BlackFideId "5400023"]
[EventDate "2020.05.16"]

1. e4 c5 2. Nf3 d6 3. Nc3 Nf6 4. d4 cxd4 5. Nxd4 g6 6. Be3 Bg7 7. f3 Nc6 8. Bb5
Bd7 9. O-O a6 10. Bxc6 Bxc6 11. Nxc6 bxc6 12. Ne2 c5 13. Rb1 O-O 14. b3 Qa5 15.
Nc1 Qc3 16. Qd2 Qxd2 17. Bxd2 Nd7 18. c4 Rfb8 19. Ne2 Ne5 20. Rbd1 Nc6 21. Bc3
Bxc3 22. Nxc3 Kf8 23. Nd5 Nb4 24. Nxb4 cxb4 25. Rd5 a5 26. Rfd1 a4 27. Kf2 axb3
28. axb3 Ra2+ 29. R1d2 Ra3 30. R5d3 Rba8 31. Kg3 Ra2 32. Rxa2 Rxa2 33. h3 Rb2
34. h4 h5 35. Kh3 f6 36. f4 Kf7 37. Kg3 Ke6 38. Kf3 Kd7 39. g3 e6 40. e5 fxe5
41. fxe5 Rc2 42. Rxd6+ Ke7 43. Rd3 Rc1 44. Ke2 Rc2+ 45. Rd2 Rc3 46. Rd3 Rc2+ 47.
Kf3 Rc1 48. g4 hxg4+ 49. Kxg4 Rc3 50. Rf3 Ke8 51. Kf4 Ke7 52. Rxc3 bxc3 53. Ke3 1-0

[Event "ch-FRA Blitz Online Qual"]
[Site "Europe-Chess INT"]
[Date "2020.05.16"]
[Round "9"]
[White "Kosciusko-Morizet, Antoine"]
[Black "Dincov, Matei"]
[Result "1-0"]
[WhiteElo "1293"]
[BlackElo "1714"]
[WhiteFideId "45166749"]
[BlackFideId "45118620"]
[EventDate "2020.05.16"]

1. e4 e5 2. Nf3 Nc6 3. Bb5 a6 4. Ba4 Nf6 5. O-O Be7 6. Re1 b5 7. Bb3 O-O 8. c3
d5 9. exd5 Nxd5 10. Nxe5 Nxe5 11. Rxe5 c6 12. d4 Bd6 13. Rh5 Nf6 14. Rh4 Nd5 15.
Qh5 h6 16. Bxh6 Qf6 17. Bxd5 cxd5 18. Bg5 Qf5 19. Qh8# 1-0

[Event "ch-FRA Blitz Online Qual"]
[Site "Europe-Chess INT"]
[Date "2020.05.16"]
[Round "9"]
[White "Ogier, Daniil"]
[Black "Lapitski, Yaroslav"]
[Result "0-1"]
[WhiteElo "1059"]
[BlackElo "1765"]
[WhiteFideId "45187398"]
[BlackFideId "13519468"]
[EventDate "2020.05.16"]

1. e4 c5 2. c3 Nf6 3. e5 Nd5 4. c4 Nc7 5. Nf3 d5 6. d4 dxc4 7. Bxc4 e6 8. O-O
Be7 9. dxc5 Qxd1 10. Rxd1 Bxc5 11. Bg5 O-O 12. Nc3 h6 13. Bd8 Nba6 14. Bxc7 Nxc7
15. Ne4 Bb6 16. Nd6 Ne8 17. Rd2 Nxd6 18. Rxd6 Bc5 19. Rd2 a6 20. Rad1 b5 21. Bd3
Bb7 22. Rc2 Bb6 23. Rdc1 Rfd8 24. Be2 Rd7 25. Rd1 Rad8 26. Rcd2 Rxd2 27. Rxd2
Rxd2 28. Nxd2 Bd4 29. Nf3 Bxb2 30. Kf1 g5 31. Ke1 g4 32. Nh4 Bxe5 33. Bxg4 Bxh2
34. g3 f5 35. Bf3 Bc8 36. Kf1 f4 37. Kg2 fxg3 38. fxg3 Bxg3 39. Kxg3 Kg7 40. Kg4
Kf6 41. Kf4 e5+ 42. Ke4 Bb7+ 43. Ke3 Bxf3 44. Kxf3 Kg5 45. Ng2 h5 46. Ke4 a5 47.
Kxe5 b4 48. Kd4 a4 49. Kc4 b3 50. axb3 axb3 51. Kxb3 Kg4 52. Ne3+ Kg3 53. Nf5+
Kg4 54. Ne3+ Kf4 55. Ng2+ Kg3 56. Ne3 Kf3 57. Nf1 h4 58. Nh2+ Kg2 59. Nf1 Kxf1
60. Kc2 h3 61. Kd2 h2 62. Ke3 h1=Q 63. Kd3 Qf3+ 64. Kc4 Qd1 65. Kc5 Qd3 66. Kc6
Qd4 67. Kc7 Qd5 68. Kc8 Qf7 69. Kd8 Ke2 70. Kc8 Kd3 71. Kb8 Kc4 72. Kc8 Kb5 73.
Kd8 Kc6 74. Kc8 Qc7# 0-1

[Event "ch-FRA Blitz Online Qual"]
[Site "Europe-Chess INT"]
[Date "2020.05.16"]
[Round "9"]
[White "Vasselin, Louis"]
[Black "Negre, Emilie"]
[Result "1-0"]
[WhiteElo "1590"]
[BlackElo "1438"]
[WhiteFideId "36070238"]
[BlackFideId "45187223"]
[EventDate "2020.05.16"]

1. d4 Nf6 2. Bf4 e6 3. e3 d5 4. Nf3 Bd6 5. Bg3 O-O 6. Bd3 Nbd7 7. Ne5 b6 8. c3
a5 9. Bb5 Ba6 10. Bxa6 Rxa6 11. Qe2 Ra8 12. O-O Ne4 13. Nxd7 Qxd7 14. Bxd6 cxd6
15. Nd2 Nxd2 16. Qxd2 e5 17. Rfe1 Rac8 18. Rac1 Rfd8 19. b3 b5 20. h3 h6 21. c4
dxc4 22. bxc4 bxc4 23. Qxa5 exd4 24. exd4 d5 25. Qd2 Ra8 26. Re3 Ra7 27. Rg3 1-0

[Event "ch-FRA Blitz Online Qual"]
[Site "Europe-Chess INT"]
[Date "2020.05.16"]
[Round "9"]
[White "Gratton, Manolo"]
[Black "Minde, Timothe"]
[Result "0-1"]
[WhiteElo "1573"]
[BlackElo "1075"]
[WhiteFideId "551089157"]
[BlackFideId "551015579"]
[EventDate "2020.05.16"]

1. e4 e6 2. c4 d5 3. cxd5 exd5 4. exd5 Qxd5 5. Nc3 Qd8 6. Nf3 Bd6 7. Bc4 Ne7 8.
d4 O-O 9. O-O c5 10. Be3 cxd4 11. Bxd4 Bg4 12. h3 Bh5 13. Be3 Nbc6 14. Re1 Bc7
15. Qe2 Qd6 16. Rad1 Bxf3 17. Qxf3 Qh2+ 18. Kf1 Ne5 19. Qxb7 Nxc4 20. Qe4 Nxe3+
21. Rxe3 Ng6 22. g4 Qf4 23. Qc6 Bb6 24. Rf3 Qc7 25. Qe4 Rfe8 26. Qd5 Rad8 27.
Qb3 Rxd1+ 28. Qxd1 Qc4+ 29. Kg2 Qc6 30. Kf1 Nh4 31. Rf4 Bc7 32. Rd4 Qg2# 0-1

[Event "ch-FRA Blitz Online Qual"]
[Site "Europe-Chess INT"]
[Date "2020.05.16"]
[Round "9"]
[White "Boumrar, Ayrad"]
[Black "Deurvillier, Martial"]
[Result "1-0"]
[WhiteElo "1431"]
[BlackElo "1556"]
[WhiteFideId "45182310"]
[BlackFideId "26017091"]
[EventDate "2020.05.16"]

1. d4 c6 2. c4 d5 3. Nf3 Bf5 4. Nc3 Nf6 5. Qb3 Qc8 6. cxd5 cxd5 7. Nxd5 Nxd5 8.
Qxd5 e6 9. Qb5+ Nd7 10. Bf4 Be7 11. e3 O-O 12. Bd3 Bxd3 13. Qxd3 Nb6 14. O-O Nd5
15. Bg3 Qd8 16. Rac1 Rc8 17. Qb3 b6 18. Ne5 Bd6 19. Nc6 Qd7 20. Bxd6 Qxd6 21.
Nxa7 Ra8 22. Nb5 Qd8 23. h3 Ra5 24. Nc3 Nxc3 25. Rxc3 Qa8 26. a3 Rd8 27. Rfc1 b5
28. Qc2 g6 29. Rc8 Rxc8 30. Qxc8+ Qxc8 31. Rxc8+ Kg7 32. Rc5 h5 33. Kf1 Kf6 34.
Ke2 Ke7 35. Kd3 Kd6 36. Kc3 Ra8 37. Rxb5 Rc8+ 38. Rc5 Rxc5+ 39. dxc5+ Kxc5 40.
b3 Kb5 41. f4 f6 42. g4 e5 43. fxe5 fxe5 44. gxh5 gxh5 45. Kd3 Kc5 46. Ke4 1-0

[Event "ch-FRA Blitz Online Qual"]
[Site "Europe-Chess INT"]
[Date "2020.05.16"]
[Round "9"]
[White "Launay, Maxence"]
[Black "Kloss, Alexandre"]
[Result "1-0"]
[WhiteElo "1084"]
[BlackElo "1577"]
[WhiteFideId "551013231"]
[BlackFideId "36088617"]
[EventDate "2020.05.16"]

1. d4 Nf6 2. c4 c5 3. d5 b5 4. cxb5 a6 5. bxa6 Bxa6 6. Nc3 g6 7. Nf3 Bg7 8. Bd2
O-O 9. g3 d6 10. Bg2 Nbd7 11. O-O Qb6 12. Rb1 Rfb8 13. Re1 c4 14. e4 Nc5 15. Be3
Nfd7 16. Na4 Qc7 17. Nxc5 Nxc5 18. Bd4 Nd3 19. Be3 Nxe1 20. Qxe1 Rxb2 21. Rxb2
Bxb2 22. Nd2 Bg7 23. Qc1 Rb8 24. Bf1 Rc8 25. Qa3 Ra8 26. Bxc4 Bb7 27. Qb3 Rb8
28. Qd3 Qa5 29. Kg2 Ra8 30. Qb3 Ba6 31. Bxa6 Qxa6 32. Nc4 Qxa2 33. Qb7 Qa6 34.
Qxe7 Rc8 35. Nxd6 Ra8 36. Qxf7+ Kh8 37. Qe6 Ra7 38. Nf7+ Kg8 39. Nh6+ Kh8 40.
Qg8# 1-0

[Event "ch-FRA Blitz Online Qual"]
[Site "Europe-Chess INT"]
[Date "2020.05.16"]
[Round "9"]
[White "Richard, Maxime"]
[Black "Frey, Thierry"]
[Result "1-0"]
[WhiteElo "1436"]
[BlackElo "1792"]
[WhiteFideId "20643411"]
[BlackFideId "1317709"]
[EventDate "2020.05.16"]

1. d4 Nf6 2. c4 g6 3. Nc3 Bg7 4. e4 d6 5. f3 O-O 6. Be3 e5 7. d5 Nbd7 8. Nh3 Nh5
9. Qd2 Nc5 10. Nf2 f5 11. O-O-O f4 12. Bxc5 dxc5 13. Bd3 Nf6 14. Kb1 Ne8 15. Bc2
Nd6 16. Qe2 a6 17. g4 Bd7 18. h4 h6 19. h5 g5 20. Nd3 b6 21. Bb3 Qe8 22. Qd2 Qe7
23. Kc2 Bf6 24. a3 a5 25. a4 Qe8 26. Qc1 Bg7 27. Kd2 c6 28. Ke2 cxd5 29. exd5 1-0

[Event "ch-FRA Blitz Online Qual"]
[Site "Europe-Chess INT"]
[Date "2020.05.16"]
[Round "9"]
[White "Gatineau, Milann"]
[Black "Dimey, Cyrille"]
[Result "0-1"]
[WhiteElo "1390"]
[BlackElo "1871"]
[WhiteFideId "36044199"]
[BlackFideId "20658273"]
[EventDate "2020.05.16"]

1. d4 Nf6 2. Bf4 e6 3. e3 b6 4. Qf3 Nc6 5. Bb5 Bb7 6. Nd2 Be7 7. Qg3 g6 8. Bh6
a6 9. Bd3 Nb4 10. a3 Nxd3+ 11. cxd3 d6 12. Ngf3 Ng8 13. Bg7 Bf6 14. Bxh8 Bxh8
15. Rc1 c5 16. b3 Ne7 17. dxc5 dxc5 18. Nc4 Bd5 19. Nd6+ Kf8 20. e4 Bxb3 21. Qf4
f5 22. O-O Kg8 23. e5 Nd5 24. Qg3 Ba4 25. Rc4 Bb5 26. Rh4 Bd7 27. Re1 b5 28. h3
Bg7 29. d4 h6 30. dxc5 g5 31. Rh5 f4 32. Qg4 Bxe5 33. Nxe5 Nf6 34. Qf3 Ra7 35.
Rxg5+ hxg5 36. c6 Bxc6 37. Qxc6 Rc7 38. Qxa6 Nd5 39. Nc6 Qxd6 40. Rd1 Rxc6 41.
Qa8+ Kg7 42. Qb7+ Kf6 43. Qa8 Rc7 44. Qe8 Re7 45. Qf8+ Rf7 46. Qh8+ Ke7 47. Qd4
b4 48. Qa7+ Kf6 49. Qd4+ Kg6 50. Qe4+ Kg7 51. axb4 Qxb4 52. Rd4 Qe7 53. Qe5+ Qf6
54. Qd6 Ne7 55. Rd2 Nf5 56. Qd3 Kg6 57. g4 Re7 58. gxf5+ exf5 59. Kg2 Qc6+ 60.
Qf3 Qxf3+ 61. Kxf3 Kf6 62. Rd6+ Re6 63. Rd7 Ra6 64. Rd3 Rc6 65. Rb3 Kg6 66. Rd3
Re6 67. Rd5 Rf6 68. Kg2 Kh5 69. Rd4 Kh4 70. Rd8 Kh5 71. Rh8+ Kg6 72. h4 g4 73.
h5+ Kg5 74. f3 g3 75. Kh3 Rh6 76. Rg8+ Kf6 77. Kg2 Rxh5 78. Rf8+ Ke7 79. Rg8
Rh2+ 80. Kg1 Rf2 81. Kh1 Rxf3 82. Rg7+ Kf6 83. Rg8 Rf2 84. Kg1 Ke5 85. Re8+ Kd4
86. Rf8 Ke4 87. Re8+ Kf3 88. Rd8 Ra2 89. Rd3+ Kg4 90. Rd5 f3 91. Rd4+ f4 92. Rd1
f2+ 93. Kg2 f3+ 94. Kf1 g2# 0-1

[Event "ch-FRA Blitz Online Qual"]
[Site "Europe-Chess INT"]
[Date "2020.05.16"]
[Round "9"]
[White "Ragneau, Freddy"]
[Black "Janon, Nicolas"]
[Result "1-0"]
[WhiteElo "1859"]
[BlackElo "1392"]
[WhiteFideId "36001228"]
[BlackFideId "36039136"]
[EventDate "2020.05.16"]

1. e4 e5 2. Nf3 Nc6 3. Bc4 Nf6 4. d3 d6 5. c3 Bg4 6. Nbd2 Qd7 7. b4 a6 8. a4 Be7
9. Nf1 O-O 10. Ng3 Ne8 11. h3 Bxf3 12. Qxf3 Bf6 13. Nf5 Ne7 14. g4 Nxf5 15. exf5
c6 16. Be3 Nc7 17. g5 e4 18. Qxe4 Bxc3+ 19. Ke2 Bxa1 20. Rxa1 Rae8 21. Qf3 d5
22. Bb3 d4 23. Kf1 dxe3 24. fxe3 Nd5 25. Bxd5 Qxd5 26. e4 Qd7 27. Ra2 Re5 28.
Rg2 c5 29. f6 g6 30. Qg3 Qe6 31. Qh4 h5 32. gxh6 Rh5 33. Qxh5 Kh7 34. Qxc5 Qxf6+
35. Rf2 Qa1+ 36. Kg2 Qxa4 37. Qxf8 Qa1 38. Rxf7+ 1-0

[Event "ch-FRA Blitz Online Qual"]
[Site "Europe-Chess INT"]
[Date "2020.05.16"]
[Round "9"]
[White "Sallette, Alain"]
[Black "Le Cainec, Erwan"]
[Result "1-0"]
[WhiteElo "1831"]
[BlackElo "1052"]
[WhiteFideId "626570"]
[BlackFideId "36089583"]
[EventDate "2020.05.16"]

1. d4 d5 2. Bf4 g6 3. e3 Bg7 4. c3 Nf6 5. Bd3 O-O 6. Ne2 Ne4 7. Bxe4 dxe4 8. Nd2
Nc6 9. Nxe4 Qd5 10. N2g3 Bf5 11. Qf3 Qc4 12. Nd2 Qd3 13. Qe2 Qc2 14. O-O Qxb2
15. e4 Bd7 16. Qd3 Nxd4 17. cxd4 Bxd4 18. Rfb1 Qc3 19. Qe2 a6 20. Rc1 Qa5 21.
Bxc7 Qa3 22. Nc4 Qa4 23. Nb6 Qb4 24. Nxd7 Bxa1 25. Rxa1 Qb5 26. Nxf8 Qxe2 27.
Nxe2 Kxf8 28. Rd1 Rc8 29. Rd8+ Rxd8 30. Bxd8 Kg7 31. Bxe7 b5 32. e5 a5 33. Nd4
b4 34. Kf1 a4 35. Ke2 f6 36. exf6+ Kf7 37. Bxb4 Kxf6 38. Ke3 h6 39. Ke4 g5 40.
g3 h5 41. f4 gxf4 42. gxf4 h4 43. Bd6 h3 44. Be5+ Ke7 45. Kf3 Kf7 46. Kg4 Kg6
47. Kxh3 Kh5 48. Kg3 Kg6 49. Kg4 1-0

[Event "ch-FRA Blitz Online Qual"]
[Site "Europe-Chess INT"]
[Date "2020.05.16"]
[Round "9"]
[White "Commin-Humeau, Augustin"]
[Black "Pernoud, Claire"]
[Result "1-0"]
[WhiteElo "1971"]
[BlackElo "1428"]
[WhiteFideId "26093006"]
[BlackFideId "663018"]
[EventDate "2020.05.16"]

1. e4 e5 2. Nf3 Nc6 3. Bc4 Be7 4. O-O Nf6 5. Re1 O-O 6. d4 d6 7. h3 Bd7 8. Nc3
Re8 9. Nd5 Nxd5 10. exd5 Na5 11. Bf1 c6 12. b4 Nc4 13. Bxc4 cxd5 14. Bxd5 Bc6
15. dxe5 dxe5 16. Bxc6 Qxd1 17. Rxd1 bxc6 18. a3 Bf6 19. Bb2 e4 20. Bxf6 gxf6
21. Nd4 Rac8 22. Nf5 c5 23. Nd6 cxb4 24. axb4 Rcd8 25. Nxe8 Rxe8 26. Rxa7 Kf8
27. Rdd7 e3 28. Rxf7+ Kg8 29. Rg7+ Kh8 30. Rxh7+ Kg8 31. fxe3 Rf8 32. Rag7# 1-0

[Event "ch-FRA Blitz Online Qual"]
[Site "Europe-Chess INT"]
[Date "2020.05.16"]
[Round "9"]
[White "Nezosi, Constantin"]
[Black "Bourgeois, Ludovic"]
[Result "1-0"]
[WhiteElo "1458"]
[BlackElo "1748"]
[WhiteFideId "36066974"]
[BlackFideId "690678"]
[EventDate "2020.05.16"]

1. e4 g6 2. d4 Bg7 3. Nf3 c5 4. Be3 cxd4 5. Bxd4 Nf6 6. Nc3 Nc6 7. Bb5 Nxd4 8.
Nxd4 Qb6 9. Qe2 O-O 10. Rd1 d6 11. O-O Ng4 12. h3 Nxf2 13. Qxf2 Bxd4 14. Rxd4 a6
15. Bc4 Qxb2 16. Rd3 b5 17. Bb3 b4 18. Nd5 Bb7 19. Nxe7+ Kg7 20. c3 Bxe4 21.
Qf6+ Kh6 22. Rdf3 Bxf3 23. Qxf3 bxc3 24. g4 Ra7 25. g5+ Kg7 26. Qf6# 1-0